000 01119nam a2200313 i 4500
001 000024921
003 OSt
005 20240409122244.0
007 ta
008 090702s1957 dr 000 0 spa d
020 _a9789945861334
040 _aDO-SdBNP
_bspa
_cBNPHU
_erda
049 _aBNPD
082 4 _a972.9303
_bR696r
_222
100 1 _aRodríguez Demorizi, Emilio,
_d1908-1986
_eautor
_91039
245 1 0 _aRelaciones históricas de Santo Domingo /
_cEmilio Rodriguez Demorizi.
264 _aSanto Domingo :
_bArchivo General de la Nación,
_bMontalvo
_c1957
300 _avolumen
_c23 cm.
336 _2rdacontent
_atexto
_btxt
337 _2rdamedia
_asin mediación
_bn
338 _2rdacarrier
_avolumen
_bnc
490 0 _aArchivo General de la Nación
_v13
500 _aincluye índice
500 _aIncluye referencias bibliográficas y notas al pie de las páginas
590 _aPerteneció a la biblioteca personal de Juan Isidro Jimenes Grullón
651 0 _aRepública Dominicana --
_xHistoria --
_yColonia, 1503-1844
_911397
900 _aValidado. Control de calidad MFF
942 _2ddc
_cLF1
999 _c24414
_d24414